| 000 | 00917nas a2200301 4500 | ||
|---|---|---|---|
| 001 | BR0905930 | ||
| 003 | BR-BrBNA | ||
| 005 | 20231205113802.0 | ||
| 007 | ta | ||
| 008 | 230509b bl.|||p| |||| 00| 00por d | ||
| 040 |
_aBR-BrBNA _bpor _cBiblioteca Nacional de Agricultura |
||
| 041 | _a(Pt) | ||
| 072 | _aF01; F04 | ||
| 100 | 1 | _aCastoldi, R. | |
| 100 | 1 | _aCharlo, H.C. de O. | |
| 100 | 1 | _aVargas, P.F. | |
| 100 | 1 | _aBraza, L.T. | |
| 245 | 1 | _aQualidade de frutos de cinco híbridos de melão rendilhado em função do número de frutos por planta | |
| 650 | _aMELÃO | ||
| 650 | _aFERTIRRIGAÇÃO | ||
| 650 | _aQUALIDADE | ||
| 650 | _aCULTIVO HIDROPÔNICO | ||
| 650 | _aHÍBRIDO | ||
| 650 | _aPRODUTIVIDADE | ||
| 773 | 0 |
_tRevista Brasileira de Fruticultura (Brazil) _xISSN 0100 2945 _g(Jun 2008), v. 30(2) p. 455-458 _wBR0905930 |
|
| 909 |
_a202311 _bLúcia _c55 _dLúcia Elande |
||
| 942 |
_2AGRIS _n0 _cANA |
||
| 999 |
_c205596 _d205596 |
||